000 00359nam a22001217a 4500
999 _c4593
_d4593
008 250304b ||||| |||| 00| 0 eng d
020 _a9780753405147
082 _aFIC TAY
100 _aTAYLOR,BARBARA
_eAUTHOR
245 _aI WONDER WHY
_bSOAP MAKES BUBBLES
260 _aNEW PENDEREL HOUSE,283-288 HIGH HOLBORN
_bKINGFISHER PUBLICATIONS Plc
_c2005
942 _2ddc